| 000 | 00700nam a22001575i 4500 | ||
|---|---|---|---|
| 001 | 152985 | ||
| 003 | ES-MaACL | ||
| 005 | 20230906204949.0 | ||
| 008 | 040916s1838 sp |||| | spa d | ||
| 245 | 0 | 0 |
_aCarta de un moderado al Excmo. Sr. Don Justo Medio / _cla publica C. Montalvo y Collantes. |
| 260 |
_aMadrid : _bSe hallará de venta en las librerías de la viuda de Cruz..., en la de Escamilla..., y en la de la viuda de Miyar..., _c1838 ( _fImp. de Narciso Sánchez) |
||
| 300 |
_a20 p. ; _c20 cm. |
||
| 596 | _aEditores tomados de verso de la port. | ||
| 700 | 1 |
_aMontalvo y Collantes, Calisto de. _9130078 |
|
| 852 | 4 |
_aES-MaACL _jT-12-F-16 _z- Enc. hol. _z- Enc. en un vol. facticio |
|
| 999 |
_c152985 _d152985 |
||